A magyar stilisztika indulása a mai stilisztika és stilisztikatörténetünk kezdeti szakaszának vizsgálati problémái /
Der Verfasser geht davon aus, daß die Stilistik vor allem deshalb so sehr in den Vordergrund getreten ist, wiel sie praktische Zwecke verfolgt. Der praktische Charakter der Stilistik kommt darin zur Geltung, daß sie einerseits die Gesetzmäßigkeiten der lexikologischen und grammatischen Synonymwahl a...
Elmentve itt :
| Szerző: | |
|---|---|
| Dokumentumtípus: | Cikk |
| Megjelent: |
Szegedi Tudományegyetem Bölcsészettudományi Kara
Szeged
1965
|
| Sorozat: | Acta Universitatis Szegediensis : sectio ethnographica et linguistica = néprajz és nyelvtudomány = étnografiâ i azykoznanie = Volkskunde und Sprachwissenschaft
9 |
| Kulcsszavak: | Stilisztika - magyar nyelv |
| Tárgyszavak: | |
| Online Access: | http://acta.bibl.u-szeged.hu/3460 |
| LEADER | 02353nab a2200229 i 4500 | ||
|---|---|---|---|
| 001 | acta3460 | ||
| 005 | 20220902095532.0 | ||
| 008 | 161015s1965 hu o 0|| hun d | ||
| 022 | |a 0586-3716 | ||
| 040 | |a SZTE Egyetemi Kiadványok Repozitórium |b hun | ||
| 041 | |a hun | ||
| 041 | |a ger | ||
| 100 | 1 | |a Szathmári István | |
| 245 | 1 | 2 | |a A magyar stilisztika indulása |h [elektronikus dokumentum] : |b a mai stilisztika és stilisztikatörténetünk kezdeti szakaszának vizsgálati problémái / |c Szathmári István |
| 260 | |a Szegedi Tudományegyetem Bölcsészettudományi Kara |b Szeged |c 1965 | ||
| 300 | |a 33-39 | ||
| 490 | 0 | |a Acta Universitatis Szegediensis : sectio ethnographica et linguistica = néprajz és nyelvtudomány = étnografiâ i azykoznanie = Volkskunde und Sprachwissenschaft |v 9 | |
| 520 | 3 | |a Der Verfasser geht davon aus, daß die Stilistik vor allem deshalb so sehr in den Vordergrund getreten ist, wiel sie praktische Zwecke verfolgt. Der praktische Charakter der Stilistik kommt darin zur Geltung, daß sie einerseits die Gesetzmäßigkeiten der lexikologischen und grammatischen Synonymwahl aufdeckt und dadurch den Gebrauch des zweckmäßigsten und effektivsten Ausdrucks lehrt, andererseits durch die Erforschung der „Bedeutung" der Stilmittel zum besseren Verstehen der schönen Literatur beiträgt. Sodann zählt der Verfasser die Aufgaben der Stilistik auf und weist darauf hin, daß zur Lösung dieser Aufgaben nur die heutige, die sogenannte funktionale Stilistik geeignet ist. — Im zweiten Teil der Arbeit hebt er die Wichtigkeit der wissenschaftgeschichlichen Forschung hervor und wirft die Forschungsprobleme in der ersten Periode der Geschichte der Stilistik auf: Wann sind die Anfänge zu setzen? Was muß zum Verständnis des Anfangs untersucht werden (die Vorgeschichte: die „Basis" der gesellschaftlichen Bildung; der europäische Hintergrund usw.)? Welches sind die Quellen (Grammatiken, selbständige Kapitel aus der Stilistik usw.) und wie sind sie zu gebrauchen? — Am Ende der Arbeit stellt der Verfasser fest, daß die Grundlegung der ungarischen Stilistik im 16-17. Jahrhundert vor sich gegangen ist. | |
| 650 | 4 | |a Bölcsészettudományok | |
| 650 | 4 | |a Nyelvek és irodalom | |
| 695 | |a Stilisztika - magyar nyelv | ||
| 856 | 4 | 0 | |u http://acta.bibl.u-szeged.hu/3460/1/etno_lingu_009_033-039.pdf |z Dokumentum-elérés |